| 000 | 00420nam a2200181Ia 4500 | ||
|---|---|---|---|
| 005 | 20240823044233.0 | ||
| 008 | 240823s9999||||xx |||||||||||||| ||und|| | ||
| 041 | _aENGLISH | ||
| 082 | _A420.9 Q0 | ||
| 100 | _aVenkataraman R | ||
| 245 | 2 | _aA History of The English Language | |
| 250 | _a2nd | ||
| 260 |
_c2010 _bRama Bro |
||
| 500 | _aTRANSFERED | ||
| 650 |
_aLanguage _bEnglish |
||
| 942 | _cBK | ||
| 999 |
_c212092 _d212092 |
||